Myth and the Christian nation (Record no. 205436)
[ view plain ]
| 000 -LEADER | |
|---|---|
| fixed length control field | 01705nam a2200349 a 4500 |
| 082 04 - DEWEY DECIMAL CLASSIFICATION NUMBER | |
| Classification number | 306.6/3 |
| 100 1# - MAIN ENTRY--AUTHOR NAME | |
| Personal name | Mack, Burton L. |
| 245 10 - TITLE STATEMENT | |
| Title | Myth and the Christian nation |
| 260 ## - PUBLICATION, DISTRIBUTION, ETC. (IMPRINT) | |
| Place of publication | London ; |
| -- | Oakville, CT : |
| Name of publisher | Equinox Pub. Ltd., |
| Year of publication | 2008. |
| 300 ## - PHYSICAL DESCRIPTION | |
| Number of Pages | xii, 292 p. |
| 490 0# - SERIES STATEMENT | |
| Series statement | Religion in culture: studies in social contest and construction |
| 505 0# - FORMATTED CONTENTS NOTE | |
| Formatted contents note | The religions of other peoples. Looking for religion in the new world ; Noticing the social interests in myths and rituals ; Watching myths in the making ; Thinking with myths about culture ; The religion of Christianity. Early Christian mythmaking ; The social formation of christendom ; The state of the Christian nation ; Religions in a polycultural world. |
| 650 #0 - SUBJECT ADDED ENTRY--TOPICAL TERM | |
| Topical Term | Religion and sociology. |
| Topical Term | Religion |
| Topical Term | Christianity. |
| 856 40 - ELECTRONIC LOCATION AND ACCESS | |
| Uniform Resource Identifier | http://site.ebrary.com/lib/rucke/Doc?id=10386888 |
No items available.
